000 01098nam a2200301 a 4500
001 000016092
003 DO-SdBNP
005 20250203131435.0
007 ta
008 100225s1982 dr ab 000 0 spa d
040 _aDO-SdBNP
_bspa
_cBNPHU
082 4 _a920.72
_bM671g
_222
100 1 _aGalván, William,
_91505
_d1953-
245 1 0 _aMinerva Mirabal :
_bhistoria de una heroína /
_cWilliam Galván ; edición Eridania Mir.
260 _aSanto Domingo :
_bUASD,
_c1982.
300 _a357 p. :
_bil., retrs.;
_c21 cm.
490 1 _aPublicaciones de la Universidad Autónoma de Santo Domingo
_v316
490 1 _aHistoria y sociedad
_v56
500 _aIncluye notas al pie de las páginas
590 _aInventariado, 2020/BT
600 1 0 _a Mirabal, Minerva,
_d1926-1960
_9919
650 4 _aMujeres en la política
_zRepública Dominicana
_96586
700 1 _aMir, Eridania,
_eed.
_910197
830 0 _aPublicaciones de la Universidad Autónoma de Santo Domingo
_n316
_936079
830 0 _aHistoria y sociedad
_n56
_936080
910 _aValidado. Control de calidad MMOLINA
942 _2ddc
_cLBS1
999 _c15633
_d15633